000
00308nam a22001337a 4500
003
SGT
082
_a
647.01
_b
V10R
100
_a
RAJASTHAN TOURISM
245
_a
VISITOR INDIA GUIDE-RAJASTHAN
260
_a
NEW DELHI
_b
RAJASTHAN TOURISM
_c
2010
300
_a
286
650
_a
HOTEL MANAGEMENT
942
_2
ddc
_c
BK
999
_c
12871
_d
12871